O que Katy fez a seguir (Registo nº 1970)

Detalhes MARC
000 -Etiqueta do registo
Cabeçalho 00884nam a22002651 4500
005 - Identificador da versão
Campo de controlo 20240827105740.0
021 ## - Número do Depósito Legal
Código do país PT
Número 22928/88
100 ## - Dados gerais de processamento
Dados gerais de processamento 20070619d1988 de y0pory5003 ba
101 1# - Língua de publicação
Língua do texto, banda sonora, etc. Português
Língua do documento no original Inglês
102 ## - Pais de publicação ou produção
País de publicação Portugal
105 ## - Campo de dados codificados: livros
Dados codificados dos livros a z 000ay
106 ## - Campo de dados codificados: material textual
Dados codificados do material textual r
200 1# - Titulo e menção de responsabilidade
Título próprio O que Katy fez a seguir
Primeira menção de responsabilidade Susan Coolidge
Outras menções de responsabilidade trad. Maria Espirídia Viterbo
-- adapt. Isabel Patrícia, Martins da Rocha
210 ## - Publicação, Distribuição, etc. 
Lugar da edição, distribuição, etc. Porto
Nome do editor, distribuidor, etc. Edinter
Data da publicação, distribuição, etc. 1988
215 ## - Descrição física 
Indicação específica da natureza do documento e extensão da espécie 61 p.
Outras indicações físicas il.
Dimensões 20 cm
225 2# - Colecção 
Título próprio da colecção As histórias que eu mais gosto
Nome de uma parte ou secção a partir dos 12 anos
Indicação de volume 6
606 ## - Nome comum usado como assunto
Número de registo de entrada de autoridade 0000229
Palavra de ordem Literatura estrangeira infanto-juvenil
Subdivisão de assunto Romance de aventuras
675 ## - Classificação Decimal Universal (CDU)
Notação 82-311.3
Edição
Língua da edição por
700 #1 - Nome de autor-pessoa física (responsabilidade principal)
Número de registo de entrada de autoridade 0000614
Palavra de ordem Coolidge
Outra parte do nome não tomada para palavra de ordem Susan
Elementos de identificação ou distinção pseud.
702 #1 - Nome de autor-pessoa física (responsabilidade secundária)
Número de registo de entrada de autoridade 0000603
Palavra de ordem Viterbo
Outra parte do nome não tomada para palavra de ordem Maria Espirídia
Código de função Tradutor
Número de registo de entrada de autoridade 0000602
Palavra de ordem Patrícia
Outra parte do nome não tomada para palavra de ordem Isabel
Código de função Adaptador
Número de registo de entrada de autoridade 0000478
Palavra de ordem Rocha
Outra parte do nome não tomada para palavra de ordem Martins da
Código de função Adaptador
942 ## - Elementos de entrada adicionados (Koha)
Tipo de item no Koha Livro
Exemplares
Situação do levantamento Origin of item (home branch) (coded) Biblioteca de empréstimo Código de barras Cota Circulation type (not for loan) Tipo de documento Nota do exemplar Damaged status
  Biblioteca Escolar da Coca Maravilhas Biblioteca Escolar da Coca Maravilhas BECM1699/93 8EST COO   Livro Sem mensagem